ბათუმის შოთა რუსთაველის სახელმწიფო უნივერსიტეტის ბიბლიოთეკა

Геоморфология.№3. 2013 (ბიბ.ჩანაწერი № 41318)

000 -LEADER
fixed length control field 00649nam a2200205Ia 4500
001 - CONTROL NUMBER
control field 7975
003 - CONTROL NUMBER IDENTIFIER
control field GE_BSU
008 - FIXED-LENGTH DATA ELEMENTS--GENERAL INFORMATION
fixed length control field 181216s||||||||xx |||||||||||||| ||und||
040 ## - CATALOGING SOURCE
Transcribing agency GE_BSU
245 ## - TITLE STATEMENT
Title Геоморфология.№3. 2013
245 ## - TITLE STATEMENT
Statement of responsibility, etc. Гл.ред.В.П.Чичагов и др.
260 ## - PUBLICATION, DISTRIBUTION, ETC.
Place of publication, distribution, etc. Москва.
260 ## - PUBLICATION, DISTRIBUTION, ETC.
Name of publisher, distributor, etc. Наука.
260 ## - PUBLICATION, DISTRIBUTION, ETC.
Date of publication, distribution, etc. 2013.Июль-Сентябр.
300 ## - PHYSICAL DESCRIPTION
Extent 96ст,22см.
520 ## - SUMMARY, ETC.
Summary, etc. Журнал издается под руководством Отделения наук о земле РАН.
653 ## - INDEX TERM--UNCONTROLLED
Uncontrolled term Геоморфология.
653 ## - INDEX TERM--UNCONTROLLED
Uncontrolled term პერიოდიკა
942 ## - ADDED ENTRY ELEMENTS (KOHA)
Koha item type პერიოდიკა
ეგზემპლარები
Withdrawn status Lost status Damaged status Not for loan Date acquired Barcode Date last seen Price effective from Koha item type
        2018-12-17 p75854 2018-12-17 2018-12-17 პერიოდიკა